<?xml version="1.0" encoding="UTF-8"?>
<record
    xmlns:xsi="http://www.w3.org/2001/XMLSchema-instance"
    xsi:schemaLocation="http://www.loc.gov/MARC21/slim http://www.loc.gov/standards/marcxml/schema/MARC21slim.xsd"
    xmlns="http://www.loc.gov/MARC21/slim">

  <leader>00810nam a22002057a 4500</leader>
  <controlfield tag="005">20180222104412.0</controlfield>
  <datafield tag="010" ind1=" " ind2=" ">
    <subfield code="a">B-689596</subfield>
  </datafield>
  <datafield tag="020" ind1=" " ind2=" ">
    <subfield code="c">1895.00</subfield>
    <subfield code="a">9789381308196</subfield>
  </datafield>
  <datafield tag="035" ind1=" " ind2=" ">
    <subfield code="a">B-689596</subfield>
  </datafield>
  <datafield tag="037" ind1=" " ind2=" ">
    <subfield code="b">BSB</subfield>
    <subfield code="a">dpl</subfield>
  </datafield>
  <datafield tag="082" ind1=" " ind2=" ">
    <subfield code="a">345.052</subfield>
  </datafield>
  <datafield tag="245" ind1=" " ind2=" ">
    <subfield code="a">Iyer's a legal treatise on police diaries :</subfield>
    <subfield code="b">with a special emphasis upon crime detection criminal investigation prosecution &amp; RTI disclosures of  contents of case diaries  /</subfield>
  </datafield>
  <datafield tag="260" ind1=" " ind2=" ">
    <subfield code="a">Delhi</subfield>
    <subfield code="b">Delhi Law House</subfield>
    <subfield code="c">2017</subfield>
  </datafield>
  <datafield tag="270" ind1=" " ind2=" ">
    <subfield code="a">77, Gokhale Market, Opp. Tix Hazari Courts, </subfield>
    <subfield code="b">Delhi </subfield>
    <subfield code="e">110034</subfield>
  </datafield>
  <datafield tag="300" ind1=" " ind2=" ">
    <subfield code="a">cxl,1592p. </subfield>
    <subfield code="c">25cm(Hb)</subfield>
  </datafield>
  <datafield tag="500" ind1=" " ind2=" ">
    <subfield code="a">Includes index</subfield>
  </datafield>
  <datafield tag="505" ind1=" " ind2=" ">
    <subfield code="a">Rashtrapati Bhawan</subfield>
  </datafield>
  <datafield tag="942" ind1=" " ind2=" ">
    <subfield code="2">ddc</subfield>
    <subfield code="c">EN</subfield>
    <subfield code="m">IYE</subfield>
    <subfield code="h">345.052</subfield>
  </datafield>
  <datafield tag="999" ind1=" " ind2=" ">
    <subfield code="c">150082</subfield>
    <subfield code="d">150082</subfield>
  </datafield>
  <datafield tag="952" ind1=" " ind2=" ">
    <subfield code="0">0</subfield>
    <subfield code="1">0</subfield>
    <subfield code="4">0</subfield>
    <subfield code="7">0</subfield>
    <subfield code="8">NFIC</subfield>
    <subfield code="a">M</subfield>
    <subfield code="b">M</subfield>
    <subfield code="d">2018-02-22</subfield>
    <subfield code="e">BSB/IN422/16.2.2018/EN/SPL/17-18/770/10.2.2018/16.2.2018</subfield>
    <subfield code="g">1895.00</subfield>
    <subfield code="l">1</subfield>
    <subfield code="o">345.052 IYE</subfield>
    <subfield code="p">B-689596</subfield>
    <subfield code="q">2045-07-15</subfield>
    <subfield code="r">2018-02-28 00:00:00</subfield>
    <subfield code="s">2018-02-28</subfield>
    <subfield code="t">1</subfield>
    <subfield code="v">1895.00</subfield>
    <subfield code="w">2018-02-22</subfield>
    <subfield code="y">EN</subfield>
  </datafield>
</record>
